000 00348nam a22001457a 4500
020 _a0-7214-2395-7
082 _a823
_bMAC/W
100 _aMACDONALD, ALAN
245 _aTHE WAKEY WAKEY MACHINE
246 _aTHE WAKEY WAKEY MACHINE
_bTHE WAKEY WAKEY MACHINE
260 _aLONDON
_bLADYBIRD
300 _a35
650 _aENGLISH STORY
942 _cBK
999 _c8745
_d8745